000
00270nam a2200109Ia 4500
005
20251222154428.0
008
251222s9999||||xx |||||||||||||| ||spa||
082
_a
320.01/A76
100
_a
"Aron, R.Chatelet, F."
245
0
_a
Preguntas a la sociedad actual
942
_c
LIB
999
_c
36289
_d
36289